| 000 | 00513nam a2200169Ia 4500 | ||
|---|---|---|---|
| 082 |
_a822 _bONE _cL-32, P-41 |
||
| 100 |
_aMarriott, J.W _945974 |
||
| 245 |
_aOne-act plays of to-day _cMarriott, J.W |
||
| 260 |
_aLondon _bGeorge G. Harrap _c1934 |
||
| 300 |
_a277p. _bill. _c18 cm |
||
| 526 |
_a0 _b0 _c0 _d822_000000000000000_ONE |
||
| 526 |
_a0 _b0 _c0 _d822_000000000000000_ONE |
||
| 650 |
_aMCE _9379 |
||
| 650 |
_aOne-Act Plays- English (Collection) _945975 |
||
| 700 |
_aMarriott- J. W. _945976 |
||
| 942 |
_2ddc _cBK |
||
| 999 |
_c549352 _d549352 |
||